LDR 00759naa#a2200181#i#450# 001 EN\\bibl\19319 005 20260418163836.6 100 ## _a20260417b2026####ek#y0engy0150####ca 102 ## _aRU 200 1# _aFUNDAMENTALS OF THE THEORY OF ACTION STRUCTURE IN SPORTS _eConference article/thesis 210 1# _aVoronezh _cFSBE Institution of Higher Education Voronezh State University of Forestry and Technologies named after G.F. Morozov _d2026 215 ## _a8 с. 608 ## _aConference article/thesis _2local 675 ## _aФилософские и научно-теоретические основы физической культуры и спорта. 796.011 _z 700 #1 _aGrigoreva _gI. V. 700 #1 _aVolkova _gE. G. 700 #1 _aKuznetsov _gI. V. 856 4# _abibl.vgltu.ru _u